Merriam-Webster's manual for writers and editors. (Record no. 1180)

MARC details
000 -LEADER
fixed length control field 00893cam a2200277 a 4500
005 - DATE AND TIME OF LATEST TRANSACTION
control field 20260322212050.0
008 - FIXED-LENGTH DATA ELEMENTS--GENERAL INFORMATION
fixed length control field data
010 ## - LIBRARY OF CONGRESS CONTROL NUMBER
LC control number 97040798
020 ## - INTERNATIONAL STANDARD BOOK NUMBER
International Standard Book Number 087779622X
020 ## - INTERNATIONAL STANDARD BOOK NUMBER
International Standard Book Number 9780877796220
040 ## - CATALOGING SOURCE
Original cataloging agency DLC
Transcribing agency DLC
Modifying agency DLC
050 00 - LIBRARY OF CONGRESS CALL NUMBER
Classification number PN147
Item number .M49 1998
082 00 - DEWEY DECIMAL CLASSIFICATION NUMBER
Classification number 808/.027
Edition information 21
092 ## - LOCALLY ASSIGNED DEWEY CALL NUMBER (OCLC)
Classification number 808 M49 1998
001 - CONTROL NUMBER
control field data
245 10 - TITLE STATEMENT
Title Merriam-Webster's manual for writers and editors.
Statement of responsibility, etc. Merriam-Webster, Inc.
246 30 - VARYING FORM OF TITLE
Title proper/short title Manual for writers and editors
250 ## - EDITION STATEMENT
Edition statement Completely rev. [ed.].
260 ## - PUBLICATION, DISTRIBUTION, ETC.
Place of publication, distribution, etc. Springfield, Mass. :
Name of publisher, distributor, etc. Merriam-Webster,
Date of publication, distribution, etc. 1998.
300 ## - PHYSICAL DESCRIPTION
Extent xiii, 424 p. ;
Dimensions 24 cm.
500 ## - GENERAL NOTE
General note Rev. ed. of: Webster's standard American style manual. 1985.
504 ## - BIBLIOGRAPHY, ETC. NOTE
Bibliography, etc. note Includes bibliographical references (p. [383]-391) and index.
650 #0 - SUBJECT ADDED ENTRY--TOPICAL TERM
Topical term or geographic name entry element Authorship
General subdivision Style manuals.
720 2# - ADDED ENTRY--UNCONTROLLED NAME
Name Merriam-Webster, Inc.
730 0# - ADDED ENTRY--UNIFORM TITLE
Uniform title Webster's standard American style manual.
Holdings
Withdrawn status Lost status Damaged status Not for loan Home library Current library Shelving location Date acquired Total checkouts Full call number Barcode Date last seen Price effective from Koha item type
        Centerville Centerville General stacks 22/03/2026   808/.027 21 BC0011218 22/03/2026 22/03/2026 Books